Name the show each character is in? Quiz Stats

 Plays Quiz not verified by Sporcle

Challenge
Share
Tweet
Embed
Score 0/30 Timer 08:00
0 Plays Today
character name show % Correct
Tony SopranoThe Soprano's
94.6%
Dr. Gregory HouseHouse
93.6%
Jack Bauer24
91%
Joey TribbianiFriends
90.1%
Peter Griffin Family Guy
89.9%
Dr. Meredith GreyGrey's Anatomy
86.7%
Dexter MorganDexter
83.7%
Eric CartmanSouth Park
83.3%
George CostanzaSeinfeld
79.6%
Dwight SchruteThe Office
76.4%
Steve UrkelFamily Matters
76.2%
Hiro NakamuraHeroes
67.8%
John Dorian (JD)Scrubs
67.4%
Dana ScullyThe X Files
66.7%
Earl Hickey My Name is Earl
65.5%
character name show % Correct
Betty SuarezUgly Betty
62.7%
Jack ShephardLOST
60.1%
Chuck BartowskiChuck
58.4%
Charlie HarperTwo and a Half Men
51.5%
Sookie StackhouseTrue Blood
50.9%
Ted MosbyHow I Met Your Mother
46.1%
Jethro GibbsNCIS
36.7%
Michael ScofieldPrison Break
32.8%
Michael WestenBurn Notice
25.3%
Sam WinchesterSupernatural
24.3%
Nate Fisher6 Feet Under
18%
Jimmy McNultyThe Wire
17.4%
Mark BenfordFlashForward
14.6%
Tommy GavinRescue Me
12.7%
CrixusSpartacus Blood and Sand
7.3%

You're not logged in!

Compare scores with friends on all Sporcle quizzes.
Join for Free
OR
Log In

You Might Also Like...

Show Comments

Extras

Created Jun 28, 2010ReportNominate
Tags:Show Quiz, character, useless

Top Quizzes Today


Score Distribution

Your Account Isn't Verified!

In order to create a playlist on Sporcle, you need to verify the email address you used during registration. Go to your Sporcle Settings to finish the process.

Report this User

Report this user for behavior that violates our Community Guidelines.

Details: